000 00325nam a2200157Ia 4500
100 _aWest/Douglas B
250 _a2
942 _cBK
654 _agraph theory
245 _aIntroduction to Graph theory
260 _bPrentice Hall
_c2001
082 _a511.5
_bWES
300 _a588
546 _aENGLISH
999 _c22730
_d22730